All 100k+ Cities in the Nordic Countries - Statistics

General Stats
  • This quiz has been taken 44 times
  • The average score is 26 of 42
Answer Stats
Clue Population Town/City Country % Correct
D 1,396,508 Copenhagen Denmark
98%
M 365,644 Malmö Sweden
98%
O 724,290 Oslo Norway
98%
S 995,574 Stockholm Sweden
98%
B 293,709 Bergen Norway
95%
H 684,018 Helsinki Finland
95%
R 239,733 Reykjavik Iceland
95%
U 248,016 Uppsala Sweden
93%
A 301,049 Aarhus Denmark
90%
T 216,518 Trondheim Norway
88%
T 206,073 Turku Finland
85%
T 260,180 Tampere Finland
83%
E 320,931 Esbo Finland
80%
A 121,878 Aalborg Denmark
78%
S 150,123 Stavanger Norway
76%
O 185,480 Odense Denmark
73%
O 216,152 Oulu Finland
73%
G 608,993 Göteborg Sweden
71%
L 168,035 Linköping Sweden
68%
J 147,654 Jönköping Sweden
63%
N 144,980 Norrköping Sweden
63%
U 134,249 Umeå Sweden
63%
O 160,140 Örebro Sweden
61%
H 152,091 Helsingborg Sweden
59%
K 118,221 Kristiansand Norway
59%
V 160,634 Västerås Sweden
59%
V 251,269 Vantaa Finland
56%
L 131,590 Lund Sweden
54%
D 105,452 Drammen Norway
49%
L 121,337 Lahti Finland
49%
G 103,838 Gävle Sweden
44%
J 149,194 Jyväskylä Finland
44%
K 125,667 Kuopio Finland
39%
B 114,872 Borås Sweden
34%
E 107,203 Eskilstuna Sweden
32%
H 106,084 Halmstad Sweden
29%
B 132,358 Bærum Norway
27%
S 102,911 Södertälje Sweden
24%
A 100,492 Asker Norway
17%
N 112,112 Nacka Sweden
15%
H 114,304 Huddinge Sweden
10%
H 100,895 Haninge Sweden
7%
No matching quizzes found
Score Distribution
Percent of People with Each Score
Percentile by Number Answered
Your Score History
You have not taken this quiz